| Tag |
First Indicator |
Second Indicator |
Subfields |
| LEADER |
00000cam a2200000 4500 |
| 001 |
in00000613486 |
| 005 |
20151015050224.0 |
| 008 |
740308s1929 nyua 00110 eng |
| 010 |
|
|
|a 29001109
|
| 035 |
|
|
|a (OCoLC)00825391
|
| 035 |
|
|
|9 ACS8694AM
|
| 040 |
|
|
|c YNG
|d TXA
|d UtOrBLW
|
| 049 |
|
|
|a TXAM
|c [41683]
|
| 050 |
0 |
0 |
|a QB3
|b .S5
|
| 100 |
1 |
|
|a Shapley, Harlow,
|d 1885-1972.
|
| 245 |
1 |
2 |
|a A source book in astronomy /
|c by Harlow Shapley... and Helen E. Howarth.
|
| 250 |
|
|
|a 1st ed.
|
| 264 |
|
1 |
|a New York :
|b McGraw-Hill,
|c 1929.
|
| 300 |
|
|
|a xvi, 412 pages :
|b illustrations ;
|c 24 cm.
|
| 336 |
|
|
|a text
|b txt
|2 rdacontent
|
| 337 |
|
|
|a unmediated
|b n
|2 rdamedia
|
| 338 |
|
|
|a volume
|b nc
|2 rdacarrier
|
| 490 |
1 |
|
|a Source books in the history of the sciences
|
| 650 |
|
0 |
|a Astronomy.
|
| 700 |
1 |
|
|a Howarth, Helen E.
|q (Helen Ethel)
|
| 830 |
|
0 |
|a Source books in the history of the sciences.
|
| 999 |
|
|
|a MARS
|
| 999 |
f |
f |
|s da2e6921-2345-3c3a-bf9a-e79f7046a0ac
|i 2bad9f5a-56ed-309c-8346-ef48f8f0dba7
|t 0
|
| 952 |
f |
f |
|p normal
|a Texas A&M University
|b College Station
|c Sterling C. Evans Library
|d Evans: Library Stacks
|t 0
|e QB3 .S5
|h Library of Congress classification
|i unmediated -- volume
|m A14804570868
|
| 998 |
f |
f |
|a QB3 .S5
|t 0
|l Evans: Library Stacks
|